La Méditerranée et le monde méditerranéen à l'époque de Philippe II : Tome 1 - La part du milieu (notice n° 2197799)

détails MARC
000 -LEADER
fixed length control field 01400cam a2200133 4500500
005 - DATE AND TIME OF LATEST TRANSACTION
control field 20260405085450.0
041 ## - LANGUAGE CODE
Language code of text/sound track or separate title fre
042 ## - AUTHENTICATION CODE
Authentication code dc
100 10 - MAIN ENTRY--PERSONAL NAME
Personal name Braudel, Fernand
Relator term author
245 00 - TITLE STATEMENT
Title La Méditerranée et le monde méditerranéen à l'époque de Philippe II : Tome 1 - La part du milieu
260 ## - PUBLICATION, DISTRIBUTION, ETC.
Name of publisher, distributor, etc. Armand Colin,<br/>
Date of publication, distribution, etc. 2017.<br/>
520 ## - SUMMARY, ETC.
Summary, etc. « Avec la Méditerranée, j’ai pris le large, j’ai visité avec ravissement à peu près tous les pays et tous les dépôts d’archives de Méditerranée. Cela m’a pris une vingtaine d’années. » Ce premier volume suit pas à pas les genres de vie qu’imposent aux hommes de Méditerranée la nature et les héritages de civilisation. Grands propriétaires des plaines et leurs paysans asservis, montagnards pauvres mais libres, peuples des marins, des pêcheurs et des corsaires, nomades du désert, immenses troupeaux des transhumances entre plaine et montagne, bêtes de somme et chariots, mers animées à la belle saison et désertées chaque hiver quand les vents mettent en péril voiliers et galères – telle nous apparaît la Méditerranée du XVIe siècle, toujours au bord de la disette, misérable et cependant richissime, à la croisée des routes du grand commerce mondial.
856 41 - ELECTRONIC LOCATION AND ACCESS
Uniform Resource Identifier <a href="https://shs.cairn.info/la-mediterranee-et-le-monde-mediterraneen-a-l-epoq--9782200618254?lang=fr&redirect-ssocas=7080">https://shs.cairn.info/la-mediterranee-et-le-monde-mediterraneen-a-l-epoq--9782200618254?lang=fr&redirect-ssocas=7080</a>

Pas d'exemplaire disponible.

PLUDOC

PLUDOC est la plateforme unique et centralisée de gestion des bibliothèques physiques et numériques de Guinée administré par le CEDUST. Elle est la plus grande base de données de ressources documentaires pour les Étudiants, Enseignants chercheurs et Chercheurs de Guinée.

Adresse

627 919 101/664 919 101

25 boulevard du commerce
Kaloum, Conakry, Guinée

Réseaux sociaux

Powered by Netsen Group @ 2025